Представление документа в формате MARC21

Поле Инд. ПП Название Значение
Тип записи a
Библиографический уровень b
001 Контрольный номер RU/IS/BASE/222538525
005 Дата корректировки 20240801130324.6
008 Кодируемые данные 20070119
040 b Код языка каталог. rus
e Правила каталог. PSBO
041 0_ a Код языка текста rus
084 a Индекс другой классификации/Индекс ББК 87.523; 87.524
100 1_ a Автор Клягин Н. В.
q Полное имя Клягин Николай Васильевич
245 10 a Заглавие О природе красоты человека
520 0_ a Аннотация Автор, сфера научных интересов которого - философские проблемы антропогенеза, биоэволюции и космогении, оговаривает, что проблематика, заявленная в заголовке статьи, относится к числу не поддающейся экспериментальной проверке, поскольку слишком субъективна и допускает иные толкования. Тем не менее он пробует отыскать научные ключи к пониманию физической и духовной красоты человека, обращаясь к истории развития его как биологического вида и социального существа. Предложенный подход к анализу восприятия людьми себе подобных позволяет обратиться и к проблематике человеческого счастья и смысла человеческой жизни, говорится в заключении
650 04 a Основная рубрика философия
a Основная рубрика философская антропология (философия человека)
653 0_ a Ключевые слова акселерация
a Ключевые слова альтруизм
a Ключевые слова антропогенез
a Ключевые слова демографический взрыв
a Ключевые слова духовная привлекательность
a Ключевые слова женская привлекательность
a Ключевые слова исторический подход
a Ключевые слова красота
a Ключевые слова мужская привлекательность
a Ключевые слова неотения
a Ключевые слова общение
a Ключевые слова проторитуалы
a Ключевые слова ритуалы
a Ключевые слова социально-философский подход
a Ключевые слова физическая привлекательность
a Ключевые слова человек
a Ключевые слова эгоизм
a Ключевые слова эталон красоты
773 0_ t Заглавие источника Высшее образование сегодня
d Дата издания источника 2006
g Прочая информация № 10. - С. 16 - 25 : ил.
w Контрольный № источника RU/IS/BASE/222443573
901 t Тип документа b